<?xml version="1.0" encoding="UTF-8"?>
<collection xmlns="http://www.loc.gov/MARC21/slim">
 <record>
  <leader>00983pam a22002418a 4500</leader>
  <controlfield tag="001">00021644</controlfield>
  <controlfield tag="005">20171026081025.0</controlfield>
  <controlfield tag="008">110525s1981                  ||||||Viesd</controlfield>
  <datafield tag="041" ind1="0" ind2="#">
   <subfield code="a">Vie</subfield>
  </datafield>
  <datafield tag="082" ind1="1" ind2="4">
   <subfield code="a">891.73</subfield>
   <subfield code="b">V513Đ</subfield>
  </datafield>
  <datafield tag="100" ind1="0" ind2="#">
   <subfield code="a">Ôbrutrép, Vlađimia</subfield>
  </datafield>
  <datafield tag="245" ind1="0" ind2="0">
   <subfield code="a">Vùng đất Xan-Nhi-Cốp</subfield>
   <subfield code="c">Vlađimia Ôbrutrép; Đinh Xuân Hiến</subfield>
  </datafield>
  <datafield tag="260" ind1="#" ind2="#">
   <subfield code="a">Mátxcơva</subfield>
   <subfield code="b">Tiến bộ</subfield>
   <subfield code="c">1981</subfield>
  </datafield>
  <datafield tag="300" ind1="#" ind2="#">
   <subfield code="a">319 tr.</subfield>
   <subfield code="c">21 cm.</subfield>
  </datafield>
  <datafield tag="653" ind1="#" ind2="#">
   <subfield code="a">Liên Xô</subfield>
  </datafield>
  <datafield tag="653" ind1="#" ind2="#">
   <subfield code="a">Văn học hiện đại</subfield>
  </datafield>
  <datafield tag="653" ind1="#" ind2="#">
   <subfield code="a">Tiểu thuyết</subfield>
  </datafield>
  <datafield tag="700" ind1="0" ind2="#">
   <subfield code="a">Đinh Xuân Hiến</subfield>
   <subfield code="e">dịch</subfield>
  </datafield>
  <datafield tag="852" ind1="#" ind2="#">
   <subfield code="b">Kho mượn</subfield>
   <subfield code="j">KM.0009174, KM.0009175, KM.0009176, KM.0009177, KM.0010181, KM.0010182, KM.0010180, KM.0011229</subfield>
  </datafield>
  <datafield tag="852" ind1="#" ind2="#">
   <subfield code="j">KM.0010181</subfield>
   <subfield code="j">KM.0010180</subfield>
   <subfield code="j">KM.0009176</subfield>
   <subfield code="j">KM.0009177</subfield>
   <subfield code="j">KM.0011229</subfield>
   <subfield code="j">KM.0009175</subfield>
   <subfield code="j">KD.0006486</subfield>
   <subfield code="j">KM.0009174</subfield>
   <subfield code="j">KM.0010182</subfield>
  </datafield>
  <datafield tag="852" ind1="#" ind2="#">
   <subfield code="b">Kho đọc</subfield>
   <subfield code="j">KD.0006486</subfield>
  </datafield>
  <datafield tag="910" ind1="0" ind2="#">
   <subfield code="a">Đức</subfield>
   <subfield code="d">25/05/2011</subfield>
  </datafield>
  <datafield tag="980" ind1="#" ind2="#">
   <subfield code="a">Trung tâm Học liệu Lê Vũ Hùng, Trường Đại học Đồng Tháp</subfield>
  </datafield>
 </record>
</collection>
